000 02543nam a22002897a 4500
003 AR-RoUNA
005 20251020154627.0
008 251016b |||||||| |||| 00| 0 spa d
020 _a978-9915-43-077-5
040 _aAR-RoUNA
_bspa
_dAR-RoUNA
041 _aspa
044 _aag
110 2 _aUniversidad Nacional de la República del Uruguay.
_bFacultad de Artes (UDELAR). Red Conceptualismos del Sur.
_927509
245 1 0 _aGiro gráfico
_b: rumores y glamores del sur.
260 _aMontevideo (Uruguay):
_bCasaMario,
_c2024.
300 _a371 p. :
_bfot. col.
_bil. col.
_c25x17 cm.
520 3 _aGiro Gráfico. Rumores y clamores del sur se presenta como una deriva situada en Uruguay del proyecto transversal de investigación y curaduría Giro Gráfico, como en el muro la hiedra, que impulsó la Red Conceptualismos del Sur entre 2015 y 2023 con el apoyo del Museo Reina Sofía de Madrid (MNCARS). El proyecto pone en diálogo formas de acción gráfica del presente de distintos puntos de América Latina y los movimientos negros, latinos e indígenas en Estados Unidos. Integrado por más de treinta investigadores, se inauguró en el MNCARS en 2022 e itinera luego al Museo Universitario de Arte Contemporáneo de México (MUAC-UNAM) en 2022-2023. Giro Gráfico. Rumores y clamores del sur es un proyecto internacional de investigación, exposiciones y actividades públicas en torno a la gráfica como instrumento comunicador de problemáticas sociales y políticas, que se desarrolla en varios espacios artísticos, culturales y educativos de Montevideo, Uruguay. Es coordinado por un grupo de investigadores de la Facultad de Artes de la Universidad de la República junto al colectivo Proyecto CasaMario. Propone relacionar y sistematizar materiales simbólicos, archivos gráficos y obras artísticas, que brindan testimonio de situaciones sociales conflictivas desde 1960 hasta la actualidad. Los materiales reunidos se refieren a una noción de lo gráfico que trasciende la idea del impreso (aunque obviamente la incluye), para extenderse a soportes y dispositivos diversos como carteles, pancartas, instalaciones, videos, intervenciones públicas, construcciones arquitectónicas, fotografías, archivos y obras de acervos museísticos.
650 4 _aDiseño gráfico
_xArtistas
650 4 _aArte
650 4 _aPolítica
651 4 _aAmérica Latina
_993
908 _aImp
930 _e12262
942 _cLIB
_2udc
945 _d2025-10-16
980 _65
_aMaría Machado
_81
_gMaricel Allasia
999 _c12183
_d12183